000 00898nam a2200253 i 4500
001 146531
003 ES-MaACL
005 20250828090944.0
007 t|
008 070910s1956 sp ||||1| spa d
080 _a232.38
100 1 _aTóth, Tihamér.
_9111109
245 1 0 _aCristo Rey o Jesucristo y nuestro siglo /
_cMonseñor Tihamér Tóth, obispo de Veszprém (Hungría) ; [traducido del original húngaro por D. Antonio Sancho Nebot].
250 _a5ª ed. española.
260 _aMadrid :
_bSociedad de Educación Atenas,
_c1956.
300 _a292 p. ;
_c21 cm.
490 1 _aRazonemos nuestra fe ;
_v7
600 0 4 _aJesucristo-
_xRealeza.
_966378
700 1 _aSancho Nebot, Antonio,
_d1884-1961
_9103048
710 2 _aSociedad de Educación Atenas
_96665
830 1 _aRazonemos nuestra fe ;
_v7
_9182561
852 _aES-MaACL
_jC-10911
999 _c146531
_d146531